header

A trumpet around the corner (Record no. 18481)

MARC details
000 -LEADER
fixed length control field 01482nam a2200373 a 4500
082 04 - DEWEY DECIMAL CLASSIFICATION NUMBER
Classification number 781.6509763/35
100 1# - MAIN ENTRY--AUTHOR NAME
Personal name Charters, Samuel Barclay.
245 12 - TITLE STATEMENT
Title A trumpet around the corner
260 ## - PUBLICATION, DISTRIBUTION, ETC. (IMPRINT)
Place of publication Jackson :
Name of publisher University Press of Mississippi,
Year of publication c2008.
300 ## - PHYSICAL DESCRIPTION
Number of Pages xii, 380 p. :
Other physical details ill., maps.
490 1# - SERIES STATEMENT
Series statement American made music series
650 #0 - SUBJECT ADDED ENTRY--TOPICAL TERM
Topical Term Jazz
Topical Term Jazz musicians
856 40 - ELECTRONIC LOCATION AND ACCESS
Uniform Resource Identifier http://site.ebrary.com/lib/rucke/Doc?id=10282597

No items available.

© 2026 Rongo University
Contact us: librarian | system librarian | Rongo university